| 000 | 00812nam a2200205 a 4500 | ||
|---|---|---|---|
| 001 | 000037281 | ||
| 005 | 20200930080248.0 | ||
| 008 | 120321s1983 sp 001 0 spa d | ||
| 020 | _a8400054245 | ||
| 040 |
_aDO-SdBNP _bspa _cBNPHU |
||
| 100 | 1 |
_aTrenchs, José _963711 |
|
| 245 | 1 | 0 |
_aDocumentos pontificios sobre Cerdeña de la época de Alfonso el Benigno, 1327-1336 / _cJosé Trenchs y Regina Sáinz de la Maza. |
| 260 |
_aMazaelona : _bConsejo Superior de Investigaciones Científicas, _c1983. |
||
| 300 |
_a210 p. ; _c27 cm. |
||
| 504 | _aBibliografía : p. [43]-44. | ||
| 504 | _aIncluye referencias bibliográficas y notas al pie de las páginas | ||
| 500 | _aIncluye índice | ||
| 700 | 1 |
_aSáinz de la Maza Lasoli, Regina. _963712 |
|
| 710 | 2 |
_aConsejo Superior de Investigaciones Científicas _94786 |
|
| 999 |
_c36771 _d36771 |
||